000 00590cam a2200229 4500
001 J84912
008 090401t1997 xxu||||| |||| 00| 0 eng d
035 _a(Sirsi) u79326
041 _aeng
050 _a711.552
110 _aHillier Parker Research
_92002
245 _aShop expansion plans. - May 1997
260 _aLondon
_bHillier Parker
_c1997
300 _a1 sheet ; 30cm.
350 _a10
650 _aEXPANSION PLANS
650 _aSHOP EXPANSION PLANS
650 _aSHOPS
690 _aPROPERTY-COMMERCIAL PROPERTY-RETAIL PROPERTY
942 _n0
948 _c01/07/1997
999 _c96527
_d96527